000 00721nam a2200229 i 4500
001 bg
100 1 _aSKRZYSZOWSKI, Zbigniew
245 1 0 _aReduktor stożkowo-walcowy :
_bPKM - projektowanie : pomoc dydaktyczna /
_cZbigniew Skrzyszowski ; Politechnika Krakowska im. Tadeusza Kościuszki.
260 _aKraków :
_bPK,
_c2000.
300 _a118 s. :
_bil. ;
_c24 cm.
504 _aBibliogr.
650 9 _aPrzekładnie
_xprojekty
655 _aPodręczniki akademickie
710 0 _aPolitechnika Krakowska im. Tadeusza Kościuszki
020 _a8372420912
040 _cBPK
041 0 _apl
080 _a621.82/.85(075.8)
920 _a83-7242-091-2
942 _cKS
008 s pl f |000 0 pol
999 _c37683
_d37683
856 _uhttp://koha.tu.koszalin.pl/cgi-bin/koha/opac-detail.pl?biblionumber=37683
_yKatalog online BPK